Tumors of the esophagus /

Bibliographic Details
Main Author: Stout, Arthur Purdy, 1885-
Corporate Authors: Armed Forces Institute of Pathology (U.S.), National Research Council (U.S.). Committee on Pathology
Other Authors: Lattes, Raffaele, 1910-
Format: Book
Language:English
Published: Washington, D.C. : Armed Forces Institute of Pathology, 1957.
Series:Atlas of tumor pathology. sect. V, fasc. 20.
Subjects:

MARC

Tag First Indicator Second Indicator Subfields
LEADER 00000cam a2200000 a 4500
001 in00004451985
005 20210920094622.0
008 800804s1957 dcuaf b 00010 eng d
035 |a (OCoLC)06584461 
035 |z (UtOrBLW)209 
035 |a 788 
040 |a NLM  |c USU  |d m/c  |d OCL  |d TMV  |d UtOrBLW 
049 |a TMVM 
060 4 |a QZ 200  |b A88 sect.5 fasc.20 1957 
100 1 |a Stout, Arthur Purdy,  |d 1885- 
245 1 0 |a Tumors of the esophagus /  |c by Arthur Purdy Stout and Raffaele Lattes. 
264 1 |a Washington, D.C. :  |b Armed Forces Institute of Pathology,  |c 1957. 
264 2 |a Washington, D.C. :  |b For sale by the American Registry of Pathology. 
300 |a 105 pages, 2 unnumbered leaves of plates :  |b illustrations (some color) ;  |c 26 cm. 
336 |a text  |2 rdacontent  |b txt 
337 |a unmediated  |2 rdamedia 
338 |a volume  |2 rdacarrier  |b nc 
490 1 |a Atlas of tumor pathology ;  |v sect. V, fasc. 20 
500 |a "Published under the auspices of the Subcommittee on Oncology of the Committee on Pathology of the Division of Medical Sciences of the National Academy of Sciences--National Research Council." 
504 |a Includes bibliographies. 
650 2 |a Esophageal Neoplasms. 
655 2 |a Atlas. 
700 1 |a Lattes, Raffaele,  |d 1910- 
710 2 |a Armed Forces Institute of Pathology (U.S.) 
710 2 |a National Research Council (U.S.).  |b Committee on Pathology. 
830 0 |a Atlas of tumor pathology.  |n Second series ;  |v sect. V, fasc. 20. 
999 |a MARS 
999 f f |s 907706fe-b99b-372b-b99f-1c7b559cd5e4  |i c5691ad7-e172-3e30-8526-927f3b8f5533  |t 0 
952 f f |p ric  |a Texas A&M University  |b Rellis Campus  |c Joint Library Facility  |d Remote Storage  |t 0  |e QZ 200 A88 sect.5 fasc.20 1957  |h National Library of Medicine classification  |i unmediated -- volume  |m 323890091857C 
998 f f |a QZ 200 A88 sect.5 fasc.20 1957  |t 0  |l Remote Storage